000 01926nam a22002417a 4500
005 20230103111046.0
008 230103b ||||| |||| 00| 0 eng d
040 _cAL
041 _aeng
082 _223
_a294
_bSCHI
100 _aAlbert Schweitzer
_968175
245 _aIndian thought and its development
260 _aBombay
_bWilco Publishing House
_c1980
300 _axii,272p.
_bPB
_c18x12cm.
365 _2Religion
520 _aI have written this short account of Indian Thought and its Development in the hope that it may help people in Europe to become better acquainted than they are at present with the ideas it stands for and the great personalities in whom these ideas are embodied. To gain an insight into Indian thought, and to analyse it and discuss our differences, must necessarily make European thought clearer and richer. If we really want to understand the thought of India we must get clear about the problems it has to face and how it deals with them. What we have to do is to set forth and explain the process of development it has passed through from the time of the Vedic hymns down to the present day. I am fully conscious of the difficulty of describing definite lines of development in a philosophy which possesses in so remarkable a degree the will and the ability not to perceive contrasts as such, and allows ideas of heterogeneous character to subsist side by side and even brings them into connection with each other. But I believe that we, the people of the West, shall only rightly comprehend what Indian thought really is and what is its significance for the thought of all mankind, if we succeed in gaining an insight into its processes.
650 _aWestern and Indian Thought
_968176
650 _aTeaching of Upanishads
_968177
650 _aBudhha and his Teaching
_968178
650 _aBhakti Mysticism
_968179
700 _aSCHWEITZER (Albert)
_968180
942 _2ddc
_cDB
999 _c226175
_d226175